[Event "Oslo"]
[Site "Oslo"]
[Date "1984.??.??"]
[Round "?"]
[White "Makarichev, Sergey"]
[Black "Arnason, Jon L"]
[Result "1-0"]
[WhiteElo "2495"]
[BlackElo "2500"]

1.c4 e5 2.Nc3 d6 3.g3 g6 4.d4 Nd7 5.Bg2 Bg7 6.e3 Ne7 7.Nge2 O-O 8.b3 exd4
9.Nxd4 Nc6 10.O-O Nxd4 11.exd4 Nf6 12.Bf4 c6 13.Rc1 Bf5 14.d5 c5 15.h3 h5
16.f3 a6 17.g4 hxg4 18.fxg4 Bc8 19.Bg5 Qe8 20.Rxf6 Bxf6 21.Bxf6 Qe3+ 22.Kh1 Bxg4
23.Qg1 Qh6 24.Ne4 Bf3 25.Ng5 Bxg2+ 26.Qxg2 Rae8 27.Qg4 Re3 28.Rg1 Rfe8 29.Qd7 Rf8
30.Qg4 b5 31.Kh2 bxc4 32.bxc4 Rb8 33.Rg2 Re1 34.Qd7 Qf8 35.Ne6 Qh6 36.Ng5 Qf8
37.Qg4 Qh6 38.Bc3 f5 39.Qf4  1-0

[Event "Oslo"]
[Site "Oslo"]
[Date "1984.??.??"]
[Round "?"]
[White "Wedberg, Tom"]
[Black "Karpov, Anatoly"]
[Result "1/2-1/2"]
[WhiteElo "2495"]
[BlackElo "2705"]

1.e4 e5 2.Nf3 Nc6 3.Bb5 a6 4.Ba4 Nf6 5.O-O Be7 6.Bxc6 dxc6 7.d3 Nd7 8.Nbd2 O-O
9.Nc4 f6 10.Nh4 Nc5 11.Nf5 Bxf5 12.exf5 Qd5 13.Qg4 Rfe8 14.Re1 e4 15.Ne3 Qe5
16.Nc4 Qd5 17.Ne3 Qe5 18.Nc4  1/2-1/2

[Event "Oslo"]
[Site "Oslo"]
[Date "1984.??.??"]
[Round "?"]
[White "Hort, Vlastimil"]
[Black "Makarichev, Sergey"]
[Result "1/2-1/2"]
[WhiteElo "2615"]
[BlackElo "2495"]

1.d4 Nf6 2.Nf3 e6 3.Bg5 c5 4.e3 h6 5.Bh4 b6 6.Bd3 Bb7 7.O-O Be7 8.Nbd2 Nc6
9.dxc5 bxc5 10.e4 d6 11.c3 O-O 12.a3 Rc8 13.h3 Nh5 14.Bxe7 Qxe7 15.Re1 Nf4
16.Bf1 Rfd8 17.b4 Ne5 18.Re3 Nxf3+ 19.Qxf3 Ng6 20.Qg3 d5 21.exd5 Rxd5 22.Ne4 cxb4
23.axb4 Ba8 24.Rae1 Nh4 25.Rd3 Rcd8 26.Qe3 Nf5 27.Qf3 Nh4  1/2-1/2

[Event "Oslo"]
[Site "Oslo"]
[Date "1984.??.??"]
[Round "?"]
[White "Makarichev, Sergey"]
[Black "Karpov, Anatoly"]
[Result "1/2-1/2"]
[WhiteElo "2495"]
[BlackElo "2705"]

1.e4 e5 2.Nf3 Nf6 3.d4 Nxe4 4.Bd3 d5 5.Nxe5 Bd6 6.O-O O-O 7.c4 Bxe5 8.dxe5 Nc6
9.cxd5 Qxd5 10.Qc2 Nb4 11.Bxe4 Nxc2 12.Bxd5 Bf5 13.g4 Bxg4 14.Nc3 Nxa1 15.Be4 f5
16.exf6 Bh3 17.Re1 Rae8 18.Be3 Rxe4 19.Nxe4 Nc2 20.Rc1 Bf5 21.Rxc2 Bxe4 22.Rxc7 Rxf6
23.Bxa7 Rc6  1/2-1/2